[Event "Mecklenburg VP LL1 0506"]
[Site "Mecklenburg VP"]
[Date "2005.11.13"]
[Round "2.8"]
[White "Behm, Lisa"]
[Black "Neu, Henning"]
[Result "1-0"]
[WhiteElo "1234"]
[BlackElo "1253"]
[PlyCount "47"]
[EventDate "2005.10.23"]
[EventType "team"]
[EventRounds "9"]
[EventCountry "GER"]
[SourceTitle "EXT 2008"]
[Source "ChessBase"]
[SourceDate "2007.11.25"]
[SourceVersion "1"]
[SourceVersionDate "2007.11.25"]
[SourceQuality "1"]
[WhiteTeam "Torgelow II"]
[BlackTeam "Neubrandenburg SV Turbine"]
[WhiteTeamCountry "GER"]
[BlackTeamCountry "GER"]

1. e4 c5 2. Nf3 e6 3. d4 cxd4 4. Nxd4 d6 5. f4 Nd7 6. Nc3 Ngf6 7. e5 dxe5 8. fxe5 Nxe5 9. Qe2 Qxd4 10. Nb5 Qc5 11. Be3 Qc6 12. Bf4 Bd6 13. Nxd6+ Qxd6 14. Bxe5 Qd5 15. Rd1 Qxa2 16. Bxf6 gxf6 17. Qb5+ Kf8 18. Qb4+ Kg7 19. Qg4+ Kf8 20. Rd8+ Ke7 21. Rxh8 Qa1+ 22. Qd1 Qa5+ 23. c3 f5 24. Be2 1-0